| 000 | 01014cam a2200289 4500 | ||
|---|---|---|---|
| 999 |
_c27243 _d27243 |
||
| 001 | 3182455 | ||
| 003 | OSt | ||
| 005 | 20170207164512.0 | ||
| 008 | 720321s1972 maua b 001 0 eng | ||
| 010 | _a 76171556 | ||
| 020 | _a0262050102 | ||
| 040 |
_aDLC _cDLC _dDLC |
||
| 043 | _an-us--- | ||
| 050 | 0 | 0 | _aNA710 .E24 1972 |
| 082 | 0 | 0 | _a720/.973 |
| 100 | 1 |
_aEaton, Leonard K. _d1972- |
|
| 245 | 1 | 0 |
_aAmerican architecture comes of age; _bEuropean reaction to H. H. Richardson and Louis Sullivan _c[by] Leonard K. Eaton. |
| 260 |
_aCambridge, Mass., _bMIT Press _c[1972] |
||
| 300 |
_axiii, 256 p. _billus. _c27 cm. |
||
| 350 | _a$14.95 | ||
| 504 | _aBibliography: p. [240]-242. | ||
| 600 | 1 | 0 |
_aRichardson, H. H. _q(Henry Hobson), _d1972. |
| 600 | 1 | 0 |
_aSullivan, Louis H., _d1972. |
| 650 | 0 |
_aArchitecture _zUnited States _xHistory _y19th century. |
|
| 906 |
_a7 _bcbc _corignew _d1 _encip _f19 _gy-gencatlg |
||
| 942 |
_2lcc _cBOOKS _hNA710 .E24 1972 _k34730 |
||